Whither CRC? (Record no. 84051)

MARC details
000 -LEADER
fixed length control field 00807cab a22002055a 4500
001 - CONTROL NUMBER
control field L156520
008 - FIXED-LENGTH DATA ELEMENTS--GENERAL INFORMATION
fixed length control field 120531e20120526xxk 000 0 eng d
035 ## - SYSTEM CONTROL NUMBER
System control number (Sirsi) u156520
041 0# - LANGUAGE CODE
Language code of text/sound track or separate title eng
100 1# - MAIN ENTRY--PERSONAL NAME
Personal name Brown, Patrick
245 00 - TITLE STATEMENT
Title Whither CRC?
260 ## - PUBLICATION, DISTRIBUTION, ETC.
Date of publication, distribution, etc. 2012
490 ## - SERIES STATEMENT
Series statement Estates Gazette
Volume/sequential designation (1211) 26 May 2012, 90-92(3)
520 ## - SUMMARY, ETC.
Summary, etc. Issues surrounding the Carbon Reduction Commitment Energy Efficiency Scheme (CRCEES). Notes that the government is continuing to reform the CRCEES with the aim of simplifying it and finding an alternative. In March 2012 a consultation document was launched on 46 proposed changes to the scheme and the principle issues are discussed.
590 ## - LOCAL NOTE (RLIN)
Local note KA
651 #4 - SUBJECT ADDED ENTRY--GEOGRAPHIC NAME
Geographic name United Kingdom
690 ## - LOCAL SUBJECT ADDED ENTRY--TOPICAL TERM (OCLC, RLIN)
Topical term or geographic name as entry element Environment
9 (RLIN) 6238
700 1# - ADDED ENTRY--PERSONAL NAME
Personal name Williams, Peter
942 ## - ADDED ENTRY ELEMENTS (KOHA)
Suppress in OPAC 0
Holdings
Withdrawn status Lost status Source of classification or shelving scheme Damaged status Not for loan Home library Current library Shelving location Date acquired Total Checkouts Full call number Barcode Date last seen Copy number Price effective from Koha item type
    Dewey Decimal Classification     London London Journal article 31/05/2012   L156520 156520-1001 06/08/2019 1 06/08/2019 Journal article